|
|
|
|
| LEADER |
00709nab#a2200301#ar4500 |
| 001 |
000101351 |
| 003 |
SVKKK |
| 005 |
20100729103418.0 |
| 008 |
060831c2010 xo e slo |
| FMT |
|
|
|
| 015 |
|
|
|a SNBRB2010/07
|
| 038 |
|
|
|a SVKKK
|
| 040 |
|
|
|a SVKKK
|b slo
|e AACR2
|
| 041 |
0 |
|
|a slo
|b eng
|
| 044 |
|
|
|a xo
|c SK
|
| 080 |
|
|
|a 323.113
|x -054.7
|2 1997
|
| 100 |
1 |
|
|a Bajaník, Stanislav
|4 aut
|
| 245 |
1 |
0 |
|a Domov a domov
|c Stanislav Bajaník
|
| 300 |
|
|
|b Fotogr.
|
| 546 |
|
|
|a Res. angl.
|
| 650 |
0 |
4 |
|a exulanti
|x Slováci v zahraničí
|
| 773 |
0 |
|
|t Slovensko
|x 0231-7303
|g Roč. 32, č. 1 (2010), s. 3
|
| 974 |
|
|
|a Fav
|
| 992 |
|
|
|a RBX
|
| BAS |
|
|
|
| 852 |
|
|
|a SVKKK
|b BIB
|
| EXP |
|
|
|
| 998 |
|
|
|a SLO
|